Państwa z czterema literami w nazwie - Statystyki

Ogólne statystyki
  • Ten quiz został rozwiązany 116 razy
  • Średni wynik to 8 z 10
Statystyki odpowiedzi
Kontynent Państwo % Poprawnych
Azja Irak
92%
Azja Iran
92%
Ameryka Płd. Peru
83%
Azja Laos
82%
Afryka Togo
81%
Ameryka Płn. Kuba
78%
Afryka Mali
78%
Azja Oman
78%
Afryka Czad
73%
Azja Cypr
65%
Nie znaleziono quizów pasujących do podanych kryteriów
Rozkład punktacji
Procent ludzi z każdym wynikiem
Percentyl według liczby udzielonych odpowiedzi
Twoja historia wyników
Nie rozwiązałeś tego quizu